00879 am a2200277 x 45000010008000000030004000080050017000120080041000290150013000700200015000830400008000980410013001060820020001191000032001392450140001712600033003113000020003443500011003644400021003755000071003965040019004676500047004866500047005337000011005807000010005912122021OSt20200421093818.0730522s1973 enkg w 0011p eng b aB7312628 a0140442723 cxxx00aengbchi00a895.1/1/30821810aCooper, Arthur,d1916-1988.00aLi Po and Tu Fubpoemscselected and translated with an introduction and notes by Arthur CoopercChinese calligraphy by Shui Chien-tung aHarmondsworthbPenguinc1973 a249pc19cmepbk00a£0.4000aPenguin classics aSome of the poems in parallel Chinese text and English translation00aIncludes index 0aChinese poetryxTranslations into English. 0aEnglish poetryxTranslations from Chinese.01aLi Po.01aTu Fu